| 000 | 01081nam a2200301 i 4500 | ||
|---|---|---|---|
| 999 |
_c43674 _d43674 |
||
| 001 | 192001363 | ||
| 003 | OCoLC | ||
| 005 | 20180906120724.0 | ||
| 008 | 080213t20072007miua b 001 0 eng | ||
| 020 | _a9781558830349 | ||
| 020 | _a1558830340 | ||
| 040 |
_aEXC _dCAP _dUtOrBLW _bspa _cCO-MdFUSB _erda |
||
| 041 | 1 |
_aspa _heng |
|
| 082 |
_222 _a221.61 _bL856 |
||
| 100 | 1 |
_aLongman, Tremper. _eautor |
|
| 240 | 1 | 0 | _aAn introduction to the Old Testament. |
| 245 | 0 | 0 |
_aIntroduccion al antiguo testamento / _cTremper Longman , Raymond B. Dillard ; [traductor: Jose Maria Blanch]. |
| 264 | 1 |
_aGrand Rapids, Mich. : _bLibros Desafio, _c[2007] |
|
| 264 | 4 | _c2007. | |
| 300 |
_a656 páginas : _bilustraciones ; _c23 cm. |
||
| 336 |
_atexto _btxt _2rdacontent. |
||
| 337 |
_asin mediación _bn _2rdamedia. |
||
| 338 |
_avolumen _bnc _2rdacarrier. |
||
| 534 |
_cAn introduction to the Old Testament, c1994, 2006. _ptraducción de: |
||
| 630 | 0 | 7 |
_aBiblia. _pNuevo Testamento _vIntroducción. |
| 700 | 1 |
_aDillard, Raymond B. _q(Raymond Bryan), _d1944-1993. _eautor |
|
| 942 | _cBK | ||